LEADER 01566cam0-22004571i-4500 001 990003601310403321 005 20170228125215.0 035 $a000360131 035 $aFED01000360131 035 $a(Aleph)000360131FED01 035 $a000360131 100 $a20030910d1930----km-y0itay50------ba 101 1 $aita$cger 102 $aIT 105 $ay-------001yy 200 1 $aCosmopolitismo e stato nazionale$estudi sulla genesi dello stato nazionale tedesco$fFederico Meinecke$gtraduzione di A. Oberdorfer 210 $aPerugia$aVenezia$cLa Nuova Italia$d1930 215 $a2 v.$d22 cm 225 1 $aStorici antichi e moderni 327 1 $a1: Nazione, stato e cosmopolitismo nellosvolgimento dell'idea di stato nazionale$a2: Stato nazionale prussiano e statonazionale germanico 610 0 $aGermania$aStato 676 $a320.01$v21$zita 676 $a320.10943$v21$zita 700 1$aMeinecke,$bFriedrich$f<1862-1954>$0125986 702 1$aOberdorfer,$bAldo$f<1885-1941> 801 0$aIT$bUNINA$gRICA$2UNIMARC 901 $aBK 912 $a990003601310403321 952 $aSE 010.01.10-$b3147$fDECSE 952 $aSE 010.01.011-$b13143-B$fDECSE 952 $aXXI Coll. 9 (11,1)$b19545$fFGBC 952 $aXXI Coll. 9 (11,2)$bs.i.$fFGBC 952 $a320.10 MEI 1 (1)$bST.MED.MOD. 2657$fFLFBC 952 $a320.10 MEI 1 (2)$bST.MED.MOD. 2657$fFLFBC 952 $aXIV C 91:2$b341$bDDCIC 959 $aFGBC 959 $aDDCIC 959 $aFLFBC 959 $aDECSE 996 $aCosmopolitismo e stato nazionale$9494898 997 $aUNINA LEADER 03474nam 2200709 a 450 001 9910462176103321 005 20200520144314.0 010 $a1-61811-089-6 024 7 $a10.1515/9781618110893 035 $a(CKB)2670000000204315 035 $a(EBL)3110458 035 $a(SSID)ssj0000685862 035 $a(PQKBManifestationID)11409888 035 $a(PQKBTitleCode)TC0000685862 035 $a(PQKBWorkID)10717266 035 $a(PQKB)10496918 035 $a(MiAaPQ)EBC3110458 035 $a(DE-B1597)541167 035 $a(OCoLC)797832930 035 $a(DE-B1597)9781618110893 035 $a(Au-PeEL)EBL3110458 035 $a(CaPaEBR)ebr10567514 035 $a(CaONFJC)MIL546269 035 $a(EXLCZ)992670000000204315 100 $a20120608d2012 uy 0 101 0 $aeng 135 $aur|n|---||||| 181 $ctxt 182 $cc 183 $acr 200 10$aWisdoms little sister$b[electronic resource] $estudies in medieval and Renaissance Jewish political thought /$fAbraham Melamed 210 $aBoston $cAcademic Studies Press$d2012 215 $a1 online resource (430 p.) 225 1 $aEmunot : Jewish philosophy and Kabbalah 300 $aDescription based upon print version of record. 311 $a1-936235-32-3 320 $aIncludes bibliographical references and index. 327 $apt. 1. The framework -- pt. 2. Studies : the Middle Ages -- pt. 3. Studies : the Renaissance. 330 $aThe study of Jewish political philosophy is a recently established field in the study of Jewish philosophy. While in older histories of Jewish philosophy there is hardly any discussion of this topic, recent editors of such books have found it useful to add chapters on it. Following the pioneering efforts of Leo Strauss, Ralph Lerner and Daniel Elazar, among others, political philosophy has gained its proper place alongside ethics and metaphysics in the study of the history of Jewish philosophy. This volume is another manifestation of this welcome development. Consisting of selected English-language papers the author published over the last thirty years, it concentrates on the Medieval and Renaissance periods, from Sa'adiah Gaon in the tenth century to Spinoza in the seventeenth. These were the formative periods in the development of Jewish political philosophy, when Jewish scholars versed in the canonical Jewish sources (biblical and rabbinic) encountered Greek political philosophy, as transmitted by Muslim philosophers such as Alfarabi, Ibn Bajja and Averroes, and adapted it to their Jewish terms of reference. The outcome of this effort was Jewish political philosophy. 410 0$aEmunot. 606 $aJudaism and politics$xHistory$yTo 1500 606 $aJews$xPolitics and government$yTo 1500 606 $aJewish philosophy$xHistory$yTo 1500 606 $aPhilosophy, Ancient$xInfluence 606 $aJudaism and state 606 $aJewish diaspora 608 $aElectronic books. 615 0$aJudaism and politics$xHistory 615 0$aJews$xPolitics and government 615 0$aJewish philosophy$xHistory 615 0$aPhilosophy, Ancient$xInfluence. 615 0$aJudaism and state. 615 0$aJewish diaspora. 676 $a296.382 700 $aMelamed$b Avraham$0996205 801 0$bMiAaPQ 801 1$bMiAaPQ 801 2$bMiAaPQ 906 $aBOOK 912 $a9910462176103321 996 $aWisdoms little sister$92456592 997 $aUNINA